[Event "BCF-chT 2122 (4NCL)"]
[Site "England"]
[Date "2022.06.25"]
[Round "10.52"]
[White "Alsina Leal, Daniel"]
[Black "Suarez Real, Alberto"]
[Result "1-0"]
[WhiteElo "2509"]
[BlackElo "2446"]
[PlyCount "75"]
[EventDate "2021.11.27"]
[EventType "team-swiss"]
[EventRounds "11"]
[EventCountry "ENG"]
[SourceTitle "EXT 2023"]
[Source "ChessBase"]
[SourceDate "2022.10.05"]
[SourceVersion "1"]
[SourceVersionDate "2022.10.05"]
[SourceQuality "1"]
[WhiteTeam "Chessable White Rose"]
[BlackTeam "Guildford Young Guns"]
[WhiteTeamCountry "ENG"]
[BlackTeamCountry "ENG"]

1. e4 c5 2. Nf3 Nc6 3. Bb5 g6 4. 0-0 Bg7 5. c3 Nf6 6. Re1 0-0 7. d4 d5 8. e5 Ne4 9. Bxc6 bxc6 10. Be3 Rb8 11. Qc1 Qb6 12. b3 cxd4 13. cxd4 f6 14. Nc3 Nxc3 15. Qxc3 Bg4 16. exf6 exf6 17. Bf4 Rbc8 18. Bd6 Rfe8 19. a4 a6 20. Nd2 Qb7 21. h3 Bf5 22. b4 Qd7 23. Bg3 Rxe1+ 24. Rxe1 Re8 25. Nb3 Bf8 26. Nc5 Rxe1+ 27. Qxe1 Qc8 28. Qe2 Kf7 29. Nxa6 Qb7 30. b5 cxb5 31. axb5 Bd7 32. Nc7 h5 33. h4 Bb4 34. Qa2 Bxb5 35. Nxd5 Be7 36. Nxf6+ Kxf6 37. Be5+ Kf5 38. Qf7+ 1-0

[Event "BCF-chT 2122 (4NCL)"]
[Site "England"]
[Date "2022.05.01"]
[Round "8.35"]
[White "Suarez Real, Alberto"]
[Black "Astaneh Lopez, Alex"]
[Result "0-1"]
[WhiteElo "2446"]
[BlackElo "2430"]
[PlyCount "104"]
[EventDate "2021.11.27"]
[EventType "team-swiss"]
[EventRounds "11"]
[EventCountry "ENG"]
[SourceTitle "EXT 2023"]
[Source "ChessBase"]
[SourceDate "2022.10.05"]
[SourceVersion "1"]
[SourceVersionDate "2022.10.05"]
[SourceQuality "1"]
[WhiteTeam "Guildford Young Guns"]
[BlackTeam "Cheddleton"]
[WhiteTeamCountry "ENG"]
[BlackTeamCountry "ENG"]

1. e4 e5 2. Nf3 Nf6 3. Nxe5 d6 4. Nf3 Nxe4 5. d4 d5 6. Bd3 Nc6 7. 0-0 Be7 8. c4 Nb4 9. Be2 0-0 10. Nc3 Bf5 11. a3 Nxc3 12. bxc3 Nc6 13. Re1 Re8 14. cxd5 Qxd5 15. c4 Qd6 16. Ra2 Bf6 17. Rd2 Bg4 18. d5 Na5 19. Rc2 Nb3 20. Be3 Qxa3 21. Qb1 a5 22. c5 Rxe3 23. fxe3 Nxc5 24. Bf1 Bf5 25. Ra2 Bxb1 26. Rxa3 Be4 27. Bc4 b6 28. Nd4 Rd8 29. Nb5 Be5 30. Ra2 Rd7 31. Ree2 Bxd5 32. Bxd5 Rxd5 33. Red2 Nd3 34. e4 Rxb5 35. Rxd3 Kf8 36. Rd8+ Ke7 37. Rh8 c5 38. Kf2 c4 39. Rc2 c3 40. Ke3 h6 41. Ra8 Rb4 42. Ra7+ Ke6 43. Ra6 f5 44. exf5+ Kxf5 45. Kd3 a4 46. Rf2+ Kg5 47. Re2 Bf6 48. Re6 b5 49. Ra5 Kf4 50. Rb6 Rd4+ 51. Kc2 Rd2+ 52. Kc1 Bd8 0-1

[Event "ESP-chT CECLUB Div1"]
[Site "Linares"]
[Date "2021.09.13"]
[Round "6.4"]
[White "Ayats Llobera, Gerard"]
[Black "Suarez Real, Alberto"]
[Result "1-0"]
[WhiteElo "2436"]
[BlackElo "2448"]
[PlyCount "69"]
[EventDate "2021.09.08"]
[EventType "team-tourn"]
[EventRounds "7"]
[EventCountry "ESP"]
[SourceTitle "CBM 204 Extra"]
[Source "ChessBase"]
[SourceDate "2021.11.30"]
[SourceVersion "1"]
[SourceVersionDate "2021.11.30"]
[SourceQuality "1"]
[WhiteTeam "Barcelona CE"]
[BlackTeam "Santa Lucia Grandama"]
[WhiteTeamCountry "ESP"]
[BlackTeamCountry "ESP"]

1. d4 Nf6 2. c4 g6 3. Nc3 Bg7 4. e4 0-0 5. Be2 d6 6. Be3 e5 7. d5 Na6 8. h4 Nc5 9. Qc2 c6 10. Bxc5 dxc5 11. h5 cxd5 12. h6 Bh8 13. cxd5 Ne8 14. Nf3 Nd6 15. Nd2 a6 16. a4 Bd7 17. a5 Qg5 18. g3 Bb5 19. Nf3 Qf6 20. 0-0 c4 21. Kg2 Rfc8 22. Qd2 Bd7 23. Qe3 Nb5 24. Na4 Rc7 25. Nb6 Rd8 26. Bxc4 Nd4 27. Nxd4 exd4 28. Qf4 Qe5 29. Qxe5 Bxe5 30. f4 Bd6 31. e5 Bc5 32. Rfc1 Bf5 33. d6 Be4+ 34. Kf1 Rc6 35. Bd5 1-0

[Event "ESP-chT CECLUB Div1"]
[Site "Linares"]
[Date "2021.09.11"]
[Round "4.3"]
[White "Jimenez Martinez, Jose Vicente"]
[Black "Suarez Real, Alberto"]
[Result "1/2-1/2"]
[WhiteElo "2271"]
[BlackElo "2448"]
[PlyCount "72"]
[EventDate "2021.09.08"]
[EventType "team-tourn"]
[EventRounds "7"]
[EventCountry "ESP"]
[SourceTitle "CBM 204 Extra"]
[Source "ChessBase"]
[SourceDate "2021.11.30"]
[SourceVersion "1"]
[SourceVersionDate "2021.11.30"]
[SourceQuality "1"]
[WhiteTeam "Albacete Excalibur"]
[BlackTeam "Santa Lucia Grandama"]
[WhiteTeamCountry "ESP"]
[BlackTeamCountry "ESP"]

1. d4 Nf6 2. c4 g6 3. Nc3 Bg7 4. e4 0-0 5. f3 d6 6. Be3 c5 7. Nge2 Nc6 8. d5 Ne5 9. Ng3 b5 10. Nxb5 h5 11. Be2 h4 12. Nf1 e6 13. f4 Nxc4 14. Bxc4 exd5 15. e5 dxc4 16. Nxd6 Ng4 17. h3 Nh6 18. Nd2 Be6 19. N2xc4 f6 20. 0-0 fxe5 21. fxe5 Nf5 22. Bxc5 Nxd6 23. Nxd6 Rxf1+ 24. Qxf1 Qg5 25. Qe2 Qxe5 26. Qxe5 Bxe5 27. Re1 Bxd6 28. Bxd6 Bxa2 29. Re7 a5 30. Be5 Bf7 31. Bf6 Rb8 32. Bc3 Rb5 33. Ra7 g5 34. Kf2 Rf5+ 35. Ke3 Bd5 36. Rxa5 Kf7 1/2-1/2

[Event "FRA-ch Blitz Online Qual"]
[Site "Europe Echecs INT"]
[Date "2020.05.16"]
[Round "10"]
[White "Ioannidis, Evgenios"]
[Black "Suarez Real, Alberto"]
[Result "1-0"]
[WhiteElo "2401"]
[BlackElo "2448"]
[PlyCount "97"]
[EventDate "2020.05.16"]
[EventType "swiss (blitz)"]
[EventRounds "15"]
[EventCountry "FRA"]
[SourceTitle "CBM 196 Extra"]
[Source "ChessBase"]
[SourceDate "2020.07.31"]
[SourceVersion "1"]
[SourceVersionDate "2020.07.31"]
[SourceQuality "1"]

1. c4 g6 2. g3 Bg7 3. Bg2 c5 4. Nc3 Nc6 5. Nf3 Nh6 6. h3 Nf5 7. 0-0 0-0 8. g4 Nfd4 9. Ne1 e5 10. e3 Ne6 11. Nd5 d6 12. d3 Rb8 13. Rb1 b5 14. cxb5 Rxb5 15. Qa4 a6 16. Nc3 Qb6 17. Nxb5 axb5 18. Qd1 f5 19. gxf5 Rxf5 20. Nc2 Kh8 21. b4 cxb4 22. Nxb4 Ne7 23. e4 Rf8 24. Be3 Qd8 25. Qc2 Nf4 26. Bxf4 exf4 27. f3 Ng8 28. Nc6 Qh4 29. d4 Bd7 30. d5 Bxc6 31. dxc6 Bd4+ 32. Kh1 Nf6 33. Rbd1 Be3 34. c7 Rc8 35. Qc3 Kg8 36. Rxd6 Nh5 37. Rfd1 Ng3+ 38. Kh2 Ne2 39. Rd8+ Kf7 40. Qb3+ Kf6 41. Qb2+ Kg5 42. Qe5+ Kh6 43. Rxc8 Qg3+ 44. Kh1 Qf2 45. Rh8 Ng3+ 46. Kh2 Nf5 47. exf5 Qg3+ 48. Kh1 Bg1 49. Rxg1 1-0

[Event "FRA-ch Blitz Online Qual"]
[Site "Europe Echecs INT"]
[Date "2020.05.16"]
[Round "8"]
[White "Pottier, Simeon"]
[Black "Suarez Real, Alberto"]
[Result "0-1"]
[WhiteElo "2186"]
[BlackElo "2448"]
[PlyCount "86"]
[EventDate "2020.05.16"]
[EventType "swiss (blitz)"]
[EventRounds "15"]
[EventCountry "FRA"]
[SourceTitle "CBM 196 Extra"]
[Source "ChessBase"]
[SourceDate "2020.07.31"]
[SourceVersion "1"]
[SourceVersionDate "2020.07.31"]
[SourceQuality "1"]

1. d4 Nf6 2. c4 g6 3. Nc3 Bg7 4. e4 0-0 5. Nf3 d6 6. Be2 e5 7. 0-0 Nc6 8. d5 Ne7 9. Ne1 Nd7 10. Be3 f5 11. f3 f4 12. Bf2 g5 13. Rc1 Rf6 14. c5 Nxc5 15. b4 Na6 16. Nb5 Bd7 17. a4 Kh8 18. Nd3 Rh6 19. Nxa7 Qe8 20. Nb5 Qh5 21. h4 gxh4 22. Nxc7 h3 23. g4 fxg3 24. Bxg3 Rg6 25. Kh2 Rxg3 26. Kxg3 Qg5+ 27. Kf2 Qh4+ 28. Ke3 Bh6+ 29. f4 exf4+ 30. Nxf4 Rf8 31. Kd3 Bxf4 32. Ne6 Bxe6 33. dxe6 Nxb4+ 34. Kc4 Nbc6 35. Kb3 h2 36. Qd3 Rg8 37. Bf3 Bxc1 38. Qc3+ Rg7 39. Rxc1 Qf2 40. Rh1 Qb6+ 41. Kc2 Nd4+ 42. Kd3 Nxf3 43. Rxh2 Nxh2 0-1

[Event "FRA-ch Blitz Online Qual"]
[Site "Europe Echecs INT"]
[Date "2020.05.16"]
[Round "5"]
[White "Suarez Real, Alberto"]
[Black "Eden, James"]
[Result "1-0"]
[WhiteElo "2448"]
[BlackElo "2330"]
[PlyCount "59"]
[EventDate "2020.05.16"]
[EventType "swiss (blitz)"]
[EventRounds "15"]
[EventCountry "FRA"]
[SourceTitle "CBM 196 Extra"]
[Source "ChessBase"]
[SourceDate "2020.07.31"]
[SourceVersion "1"]
[SourceVersionDate "2020.07.31"]
[SourceQuality "1"]

1. e4 e5 2. Nf3 Nc6 3. d4 exd4 4. Nxd4 Nf6 5. Nxc6 bxc6 6. e5 Qe7 7. Qe2 Nd5 8. h4 d6 9. c4 Nb6 10. exd6 cxd6 11. Be3 Be6 12. Qc2 Qf6 13. Nd2 Be7 14. Bd3 Bg4 15. f3 Qe5 16. 0-0-0 Qxe3 17. fxg4 Qf4 18. Rde1 Qxg4 19. Re4 Qd7 20. Rhe1 Nc8 21. R4e2 Kd8 22. Bf5 Qc7 23. Bxc8 Rxc8 24. Rxe7 Qxe7 25. Rxe7 Kxe7 26. Qe4+ Kd7 27. Qf4 Rhf8 28. Ne4 d5 29. Nc5+ Ke7 30. Qe5+ 1-0

[Event "FRA-ch Blitz Online Qual"]
[Site "Europe Echecs INT"]
[Date "2020.05.16"]
[Round "9"]
[White "Suarez Real, Alberto"]
[Black "Le Huec, Marc"]
[Result "1-0"]
[WhiteElo "2448"]
[BlackElo "2213"]
[PlyCount "67"]
[EventDate "2020.05.16"]
[EventType "swiss (blitz)"]
[EventRounds "15"]
[EventCountry "FRA"]
[SourceTitle "CBM 196 Extra"]
[Source "ChessBase"]
[SourceDate "2020.07.31"]
[SourceVersion "1"]
[SourceVersionDate "2020.07.31"]
[SourceQuality "1"]

1. e4 c5 2. Nf3 Nc6 3. d4 cxd4 4. Nxd4 e5 5. Nb5 d6 6. N1c3 a6 7. Na3 Be7 8. Nc4 b5 9. Ne3 Nf6 10. g3 0-0 11. Bg2 Be6 12. a4 b4 13. Ncd5 Bxd5 14. exd5 Nb8 15. a5 Nbd7 16. Bd2 Rb8 17. 0-0 Nc5 18. Qe2 Qc8 19. Nc4 Nfd7 20. f4 Qc7 21. Rad1 b3 22. c3 Rfe8 23. fxe5 Nxe5 24. Nxe5 dxe5 25. Qc4 Bd6 26. Ra1 Rb5 27. Be3 Rxa5 28. Rxa5 Qxa5 29. Kh1 Qb6 30. Ra1 a5 31. Bxc5 Bxc5 32. Qa4 e4 33. Qxe8+ Bf8 34. Qxe4 1-0

[Event "ESP-chT CECLUB Honor"]
[Site "Linares"]
[Date "2019.10.04"]
[Round "5.1"]
[White "Suarez Real, Alberto"]
[Black "Llorente Zaro, Alfonso"]
[Result "1/2-1/2"]
[WhiteElo "2460"]
[BlackElo "2447"]
[PlyCount "89"]
[EventDate "2019.09.30"]
[EventType "team-tourn"]
[EventRounds "7"]
[EventCountry "ESP"]
[SourceTitle "EXT 2020"]
[Source "ChessBase"]
[SourceDate "2019.10.17"]
[SourceVersion "1"]
[SourceVersionDate "2019.10.17"]
[SourceQuality "1"]
[WhiteTeam "Santa Lucia Grandama"]
[BlackTeam "Jaime Casas"]
[WhiteTeamCountry "ESP"]
[BlackTeamCountry "ESP"]

1. e4 e5 2. Nf3 Nc6 3. d4 exd4 4. Nxd4 Nf6 5. Nxc6 bxc6 6. e5 Qe7 7. Qe2 Nd5 8. h4 d6 9. c4 Nb6 10. exd6 Qxe2+ 11. Bxe2 cxd6 12. Nc3 Be6 13. b3 d5 14. cxd5 Bb4 15. Bd2 Nxd5 16. Nxd5 Bxd2+ 17. Kxd2 Bxd5 18. Rhe1 0-0-0 19. Kc3 Rhe8 20. g3 Kc7 21. Rad1 Be6 22. Rxd8 Rxd8 23. Bc4 Bxc4 24. Kxc4 Rd7 25. Re8 h5 26. f3 g6 27. a4 Kb6 28. Rb8+ Kc7 29. Rf8 Re7 30. a5 Kd6 31. b4 Rb7 32. Rd8+ Kc7 33. Rf8 Kd6 34. Rd8+ Kc7 35. Ra8 Kd6 36. a6 Rd7 37. g4 hxg4 38. fxg4 f5 39. Rg8 fxg4 40. Rxg6+ Kc7 41. Rxg4 Rd1 42. h5 Rh1 43. Rg5 Kb6 44. Rc5 Rh4+ 45. Kc3 1/2-1/2

[Event "ESP-chT CECLUB Honor"]
[Site "Linares"]
[Date "2019.10.01"]
[Round "2.1"]
[White "Perez Candelario, Manuel"]
[Black "Suarez Real, Alberto"]
[Result "1/2-1/2"]
[WhiteElo "2621"]
[BlackElo "2460"]
[PlyCount "101"]
[EventDate "2019.09.30"]
[EventType "team-tourn"]
[EventRounds "7"]
[EventCountry "ESP"]
[SourceTitle "EXT 2020"]
[Source "ChessBase"]
[SourceDate "2019.10.17"]
[SourceVersion "1"]
[SourceVersionDate "2019.10.17"]
[SourceQuality "1"]
[WhiteTeam "Extremadura Magic"]
[BlackTeam "Santa Lucia Grandama"]
[WhiteTeamCountry "ESP"]
[BlackTeamCountry "ESP"]

1. e4 c5 2. Nf3 Nc6 3. Nc3 Nf6 4. Bb5 g6 5. e5 Ng4 6. Bxc6 dxc6 7. h3 Nh6 8. g4 Bg7 9. d3 0-0 10. Bf4 f6 11. Qe2 Qa5 12. 0-0-0 Nf7 13. Kb1 b5 14. exf6 exf6 15. Ne4 f5 16. gxf5 Bxf5 17. Nxc5 Bxb2 18. Kxb2 Qb4+ 19. Nb3 Qxf4 20. Qe3 Qd6 21. Rde1 a5 22. Qd4 a4 23. Nc5 Rad8 24. Qxd6 Rxd6 25. Re7 Rd5 26. Ne4 Nd6 27. Nxd6 Rxd6 28. Ne5 Be6 29. Re1 Bxh3 30. Rc7 Re6 31. f3 Bg2 32. d4 Rf4 33. c3 Ref6 34. Ng4 Rf7 35. Nh6+ Kf8 36. Nxf7 Rxf7 37. Rxc6 Bxf3 38. Rc5 h5 39. Rxb5 h4 40. Rg5 Kg7 41. c4 h3 42. Rg3 Bg2 43. Rxg2 hxg2 44. Rg1 Rf2+ 45. Ka3 Kf6 46. Kxa4 Rxa2+ 47. Kb5 Ke6 48. Kc6 Ra6+ 49. Kb5 Ra2 50. Kc6 Ra6+ 51. Kb5 1/2-1/2

[Event "ESP-chT CECLUB Honor"]
[Site "Linares"]
[Date "2019.09.30"]
[Round "1.1"]
[White "Suarez Real, Alberto"]
[Black "Franco Alonso, Alejandro"]
[Result "0-1"]
[WhiteElo "2460"]
[BlackElo "2389"]
[PlyCount "82"]
[EventDate "2019.09.30"]
[EventType "team-tourn"]
[EventRounds "7"]
[EventCountry "ESP"]
[SourceTitle "EXT 2020"]
[Source "ChessBase"]
[SourceDate "2019.10.17"]
[SourceVersion "1"]
[SourceVersionDate "2019.10.17"]
[SourceQuality "1"]
[WhiteTeam "Santa Lucia Grandama"]
[BlackTeam "Taldea Gros Xake"]
[WhiteTeamCountry "ESP"]
[BlackTeamCountry "ESP"]

1. e4 e5 2. Nf3 Nc6 3. Nc3 Nf6 4. d4 exd4 5. Nxd4 Bb4 6. Nxc6 bxc6 7. Bd3 d5 8. exd5 cxd5 9. 0-0 0-0 10. h3 Re8 11. Qf3 Rb8 12. Bf4 Ba5 13. Rab1 h6 14. Ne2 Ne4 15. Ng3 Qf6 16. Nxe4 dxe4 17. Bxe4 Rxb2 18. Rxb2 Qxb2 19. Bd5 Qf6 20. Bc6 Rd8 21. Be3 Qxf3 22. Bxf3 Bb6 23. Rd1 Rxd1+ 24. Bxd1 Bxe3 25. fxe3 Be6 26. a3 Kf8 27. Kf2 Ke7 28. Ke2 Bd5 29. g3 Be6 30. g4 g5 31. Kd3 Bd5 32. e4 Bb7 33. Bf3 Ba6+ 34. Kd4 Bf1 35. Kc5 Kd7 36. e5 Bxh3 37. c4 Ke6 38. Kd4 c5+ 39. Kxc5 Kxe5 40. Kc6 f5 41. gxf5 g4 0-1

[Event "BCF-chTb 1819 (4NCL)"]
[Site "Daventry"]
[Date "2019.01.13"]
[Round "4.63"]
[White "Hoffmann, Hendrik"]
[Black "Suarez Real, Alberto"]
[Result "1/2-1/2"]
[WhiteElo "2272"]
[BlackElo "2446"]
[PlyCount "56"]
[EventDate "2018.11.10"]
[EventType "team-tourn"]
[EventRounds "11"]
[EventCountry "ENG"]
[SourceTitle "CBM 188 Extra"]
[Source "ChessBase"]
[SourceDate "2019.02.28"]
[SourceVersion "1"]
[SourceVersionDate "2019.02.28"]
[SourceQuality "1"]
[WhiteTeam "Celtic Tigers"]
[BlackTeam "Guildford II"]
[WhiteTeamCountry "ENG"]
[BlackTeamCountry "ENG"]

1. e4 c5 2. c3 Nf6 3. e5 Nd5 4. d4 cxd4 5. Nf3 e6 6. cxd4 d6 7. Bc4 Nc6 8. 0-0 Be7 9. Qe2 0-0 10. Nc3 Nxc3 11. bxc3 dxe5 12. dxe5 Qa5 13. Bd2 Bd7 14. Qe4 Qa4 15. Bg5 h6 16. Rad1 Rfd8 17. Bxe7 Nxe7 18. Qxb7 Qxc4 19. Rxd7 Rdb8 20. Qc7 Qxc7 21. Rxc7 Nd5 22. Rd7 Nxc3 23. Rd2 Rb4 24. Rc1 Rab8 25. Rdc2 Nd5 26. g3 g5 27. h4 g4 28. Nd2 Ra4 1/2-1/2

[Event "BCF-chT1c 1718 (4NCL) Promotion pool"]
[Site "England"]
[Date "2018.05.05"]
[Round "9.25"]
[White "Suarez Real, Alberto"]
[Black "Chow, Samuel"]
[Result "1-0"]
[WhiteElo "2447"]
[BlackElo "2306"]
[PlyCount "85"]
[EventDate "2017.01.11"]
[EventType "team-swiss"]
[EventRounds "11"]
[EventCountry "ENG"]
[SourceTitle "EXT 2019"]
[Source "ChessBase"]
[SourceDate "2018.10.10"]
[SourceVersion "1"]
[SourceVersionDate "2018.10.10"]
[SourceQuality "1"]
[WhiteTeam "Guildford II"]
[BlackTeam "White Rose"]
[WhiteTeamCountry "ENG"]
[BlackTeamCountry "ENG"]

1. e4 e6 2. d4 d5 3. Nd2 Nf6 4. Bd3 c5 5. e5 Nfd7 6. c3 Nc6 7. Ngf3 Be7 8. 0-0 a5 9. Bc2 cxd4 10. cxd4 Nb4 11. Bb1 a4 12. Re1 Nb6 13. Nf1 Bd7 14. Qd2 Bb5 15. a3 Nc6 16. Qf4 Na5 17. Ba2 Bc4 18. Qg3 Kf8 19. Bd2 Bxa2 20. Bxa5 Rxa5 21. Rxa2 Nc4 22. Ne3 b5 23. h4 Ra6 24. Re2 Rc6 25. Ra1 Qc7 26. Rf1 h6 27. Ne1 Qb6 28. N1c2 h5 29. Rb1 g6 30. b3 axb3 31. Rxb3 Kg7 32. Qf4 Qa5 33. Nb4 Rcc8 34. Nec2 Qd8 35. Rf3 Rf8 36. g3 g5 37. Qc1 gxh4 38. gxh4 Bxh4 39. Kh1 Qg5 40. Rg3 Qg6 41. Rxg6+ fxg6 42. Nd3 Be7 43. Nc5 1-0

[Event "BCF-chT1b 1718 (4NCL)"]
[Site "England"]
[Date "2018.01.14"]
[Round "4.83"]
[White "Toma, Katarzyna"]
[Black "Suarez Real, Alberto"]
[Result "1-0"]
[WhiteElo "2258"]
[BlackElo "2447"]
[PlyCount "119"]
[EventDate "2017.11.11"]
[EventType "team-swiss"]
[EventRounds "11"]
[EventCountry "ENG"]
[SourceTitle "EXT 2019"]
[Source "ChessBase"]
[SourceDate "2018.10.10"]
[SourceVersion "1"]
[SourceVersionDate "2018.10.10"]
[SourceQuality "1"]
[WhiteTeam "West is Best"]
[BlackTeam "Guildford II"]
[WhiteTeamCountry "ENG"]
[BlackTeamCountry "ENG"]

1. e4 c5 2. Nf3 Nc6 3. d4 cxd4 4. Nxd4 Nf6 5. Nc3 e5 6. Ndb5 d6 7. Bg5 a6 8. Na3 b5 9. Nd5 Be7 10. Bxf6 Bxf6 11. c4 b4 12. Nc2 0-0 13. Be2 a5 14. 0-0 Bg5 15. Qd3 Be6 16. Rfd1 Ra7 17. a3 bxa3 18. Qxa3 Qb8 19. Nc3 Rd7 20. Nb5 Be7 21. Qc3 Bd8 22. Ne3 Bb6 23. Nf5 g6 24. Qd2 Qd8 25. Ne3 Nd4 26. Nxd4 Bxd4 27. Qxa5 Bxb2 28. Qxd8 Rfxd8 29. Ra2 Bd4 30. Nd5 Rb7 31. Kf1 Rdb8 32. Bd3 Kg7 33. Ke2 f5 34. Rdd2 Rf8 35. f3 Rfb8 36. Bc2 Bg1 37. h3 Bc5 38. exf5 gxf5 39. g4 Rf7 40. Ra1 e4 41. gxf5 Bxf5 42. fxe4 Bxh3 43. Ne3 Kh8 44. Rh1 Be6 45. Rh6 Re8 46. Rd1 Rg7 47. Rdh1 Bg8 48. R1h2 Rg3 49. Nd5 Bd4 50. Rxd6 Rb8 51. Rdh6 Rb2 52. Kd2 Bxd5 53. Rxh7+ Kg8 54. exd5 Rc3 55. Rh8+ Kg7 56. R2h7+ Kf6 57. Rf8+ Kg5 58. Rg8+ Kf6 59. Rg6+ Ke5 60. Rh5+ 1-0

[Event "Trieste op 19th"]
[Site "Trieste"]
[Date "2017.09.09"]
[Round "9"]
[White "Horvath, Csaba"]
[Black "Suarez Real, Alberto"]
[Result "1-0"]
[WhiteElo "2497"]
[BlackElo "2436"]
[PlyCount "81"]
[EventDate "2017.09.02"]
[EventType "swiss"]
[EventRounds "9"]
[EventCountry "ITA"]
[SourceTitle "CBM 180 Extra"]
[Source "ChessBase"]
[SourceDate "2017.10.06"]
[SourceVersion "1"]
[SourceVersionDate "2017.10.06"]
[SourceQuality "1"]

1. d4 Nf6 2. c4 g6 3. Nc3 Bg7 4. e4 d6 5. Be2 0-0 6. Bg5 c5 7. dxc5 Qa5 8. Bd2 dxc5 9. e5 Ne8 10. Nd5 Qd8 11. Bg5 f6 12. Be3 Na6 13. Qb3 e6 14. exf6 Nxf6 15. Nc3 b6 16. Bf3 Rb8 17. Nge2 Nd7 18. Be4 Nc7 19. Rd1 Qe7 20. 0-0 Ne5 21. Qa4 a5 22. Bf4 Rf7 23. Bg3 Ba6 24. Nb5 Qe8 25. Nec3 Bxb5 26. cxb5 Rd8 27. Bc6 Qe7 28. Rxd8+ Qxd8 29. Rd1 Qe7 30. Qe4 Nxc6 31. Qxc6 Nd5 32. Ne4 Bxb2 33. Nd6 Rf8 34. Nc4 Bd4 35. Bd6 Qf6 36. Bxf8 Qxf2+ 37. Kh1 Qe2 38. Rc1 Kxf8 39. h3 Be5 40. Qxe6 Nf4 41. Qc8+ 1-0